000 00432nam a2200157Ia 4500
008 160316s2008 xxu||||| |||| 00| 0 eng d
082 _a344.010000
_bSUB
100 _aSubramanyam S.
245 _aReference material workshop on labour law compliances for IT/ITES sector
250 _a
260 _aBangalore
_bACSPL
_c2008
300 _a123
_b
_c
365 _b
650 _a1. Labour law 2. Employment exchange
700 _a
_a
999 _c39876
_d39876